000 00601nam a2200193Ia 4500
003 GCL
008 140319s9999 xx 000 0 ara d
040 _aGCL /
_cGCL
082 0 4 _a361
_bج ح
100 1 _aعبدالعزيز توفيق جاويد
245 1 0 _aالحضين والطفل فى ثقافة اليوم /
_cعبدالعزيز توفيق جاويد
700 1 _aجزل، ارنولد
300 _a290
490 _aالالف كتاب
_v0
650 0 4 _aالطفولة والامومة
650 0 4 _aالطفل - رعاية
650 0 4 _aالطفل والاسرة
942 _2ddc
_cBK
999 _c46475
_d46475